000 00640nam a2200241Ia 4500
005 20260430150331.0
008 008 250103s9999 xx 000 0 eng d
037 _aTheses
040 _aCRL
040 _beng
040 _ceng
041 _2eng
041 _aeng
084 _qCRL
100 _aShivani Au.; Abhijat Sujata Roy Gu.
_91237176
245 0 _aAnalysis of Contemporary Liberal Theories of Justice from Feminist Perspective
260 _c2023
300 _a178p.
650 _aBiology; Plants
700 _aUniversity of Delhi. Faculty of Arts. Deptt. of Philosophy
942 _cTH
999 _c1849536
_d1849536